| 000 | 00728nam a2200241 a 4500 | ||
|---|---|---|---|
| 008 | |||
| 020 | _a0723609276 (pbk.) | ||
| 049 | _aMAIN | ||
| 090 |
_aRC67 _bOGI |
||
| 100 | 1 | _aOgilvie, Colin. | |
| 245 | 1 | 0 |
_aChamberlain's symptoms and signs in clinical medicine / _cColin Ogilvie and Christopher C. Evans. |
| 250 | _a11th ed. | ||
| 260 |
_aOxford : _b Butterworth-Heinemann, _c1987. |
||
| 300 |
_axi, 590 p . : _bill. (some col.) ; _c23 cm. |
||
| 500 | _aIncludes index. | ||
| 650 | 1 | _aClinical Medicine. | |
| 700 | _aEvans C. Christopher. | ||
| 907 |
_a.b10259569 _b04-08-11 _c13-01-09 |
||
| 003 | |||
| 005 | 20230120204010.0 | ||
| 040 | _cNUST | ||
| 942 |
_cBOOKS _kRC67 _mOGI |
||
| 999 |
_c115309 _d115309 |
||